00677nam a22001937a 4500003000500000005001700005008004100022010001000063011001000073035001000083040000900093100003600102245013400138260004000272300001100312502008500323650003600408650003900444CHAP20220329135616.0971013s1995 r 00010 d a39254 a40226 a44351 cCHAP00aHernández García, Cutberto. aDeterminación de un método de tratamiento para las aguas residuales del ingenio Emiliano Zapata ubicado en Zacatepec, Morelos aChapingo, Méx. :bEl autor,c1995 a194 h. aTesis (Ing. Agroindustrial) -- UACH. Departamento de Ingeniería Agroindustrial14aAguas residualesxPurificacion.14aIngenio Azucarero Emiliano Zapata.